| 000 | 00563nam a22002057a 4500 | ||
|---|---|---|---|
| 003 | KOHA_MİRAKIL | ||
| 005 | 20260331124422.0 | ||
| 008 | 260331b tu ||||| |||| 00| 0 tur d | ||
| 020 | _a9757232076 | ||
| 040 |
_aTR-AnABB _btur _cTR-AnABB |
||
| 041 | _atur | ||
| 082 |
_a915.6 _bOZE 1996 |
||
| 100 | 1 | _aÖzer, Ahmet | |
| 245 | 1 | 0 |
_aAtlastan bir yeryüzü / _cAhmet Özer |
| 260 |
_aAnkara : _bUtku Yayıncılık, _c1996 |
||
| 300 |
_a205 sayfa ; _c18 cm |
||
| 500 | _aYazar imzalı | ||
| 650 | 0 | 4 | _aGezi yazıları, Türkiye |
| 942 |
_2ddc _cBK |
||
| 999 |
_c10130 _d10130 |
||
| 900 | _bCan ÇELIK | ||